The origins of religions/ (Record no. 28788)
[ view plain ]
| 000 -LEADER | |
|---|---|
| fixed length control field | 00425nam a2200157Ia 4500 |
| 005 - DATE AND TIME OF LATEST TRANSACTION | |
| control field | 20250825154413.0 |
| 008 - FIXED-LENGTH DATA ELEMENTS--GENERAL INFORMATION | |
| fixed length control field | 081213s9999 xx 000 0 und d |
| 020 ## - INTERNATIONAL STANDARD BOOK NUMBER | |
| Terms of availability | 0802837670 |
| 050 ## - LIBRARY OF CONGRESS CALL NUMBER | |
| Classification number | BL80.2 |
| Item number | .R54 1994 |
| 100 ## - MAIN ENTRY--PERSONAL NAME | |
| Personal name | Ries, J. (Julien) |
| 245 ## - TITLE STATEMENT | |
| Title | The origins of religions/ |
| 260 ## - PUBLICATION, DISTRIBUTION, ETC. (IMPRINT) | |
| Date of publication, distribution, etc | 1994 |
| Place of publication, distribution, etc | Gand rapids |
| Name of publisher, distributor, etc | W.B. Eerdmans Pub. Co |
| 300 ## - PHYSICAL DESCRIPTION | |
| Extent | 158 p. |
| Dimensions | 24 cm. |
| 650 ## - SUBJECT ADDED ENTRY--TOPICAL TERM | |
| Source of heading or term | Religions |
| Topical term or geographic name as entry element | History. |
| 942 ## - ADDED ENTRY ELEMENTS (KOHA) | |
| Item type | Book |
| Source of classification or shelving scheme | Library of Congress Classification |
| Withdrawn status | Lost status | Source of classification or shelving scheme | Damaged status | Not for loan | Collection code | Home library | Current library | Shelving location | Date acquired | Total Checkouts | Full call number | Barcode | Date last borrowed | Copy number | Price effective from | Koha item type |
|---|---|---|---|---|---|---|---|---|---|---|---|---|---|---|---|---|
| Library of Congress Classification | Non-fiction | Bishop Okullu Memorial Library (Limuru Campus) | Bishop Okullu Memorial Library (Limuru Campus) | General Circulation | 19/10/2010 | 5 | BL80.2 .R54 1994 | 022695 | 14/09/2018 | 1 | 19/10/2010 | Book |